| 000 | 00578nam a2200241Ia 4500 | ||
|---|---|---|---|
| 005 | 20250425162639.0 | ||
| 008 | 250425s9999 xx 000 0 und d | ||
| 020 | _a139789706868190 | ||
| 041 | _aspa | ||
| 082 | _a330.15 | ||
| 100 | _aBRUE, STANLEY L. | ||
| 245 | 0 | _aHISTORIA DEL PENSAMIENTO ECONOMICO | |
| 250 | _a7 ED. | ||
| 260 |
_aMéxico _bCENGAGE LEARNING _c2009 |
||
| 260 | _aS.L. | ||
| 300 | _a544 | ||
| 650 | _aHISTORIA | ||
| 650 | _aPENSAMIENTOS | ||
| 700 | _aGRANT, RANDY R | ||
| 700 |
_aMEZA, STANLEY L _etraductor |
||
| 942 | _c01 | ||
| 010 | _a93807 | ||
| 999 |
_c233559 _d233559 |
||